| 000 | 00692nam a22002292 4500 | ||
|---|---|---|---|
| 001 | 0000021225 | ||
| 005 | 20151217152228.0 | ||
| 008 | 120207s xx 000 0 eng d | ||
| 020 | _a0857024190 : | ||
| 040 |
_aKABU _cKABU |
||
| 100 | 1 |
_aGopee, Neil. _@0000180908 |
|
| 245 | 1 | 0 |
_aMentoring and supervision in healthcare / _cNeil Gopee. |
| 250 | _a2nd ed. | ||
| 260 |
_aLondon : _bSage, _c2011. |
||
| 300 | _axii, 292 p. | ||
| 650 | 0 |
_aMentoring in medicine. _@0000181999 |
|
| 650 | 0 |
_aMentoring in nursing. _@0000182000 |
|
| 650 | 0 |
_aMentoring _xStudy and teaching. _@0000182001 |
|
| 852 | 1 | _9p4782.40 KES | |
| 908 | _a120207 | ||
| 950 | _@1 | ||
| 999 |
_c9603 _d9603 |
||